|
|
|
|
| LEADER |
00000nam0a2200000 4500 |
| 001 |
110052 |
| 005 |
20231101214917.0 |
| 010 |
|
|
|a 5795800473
|
| 035 |
|
|
|a (RuTPU)RU\TPU\book\118852
|
| 090 |
|
|
|a 110052
|
| 100 |
|
|
|a 20070219d2006 m y0rusy50 ca
|
| 101 |
0 |
|
|a rus
|
| 102 |
|
|
|a RU
|
| 105 |
|
|
|a a j 001zy
|
| 200 |
1 |
|
|a Маркетинг по нотам: практический курс на российских примерах
|e учебник
|f Л. А. Данченок [и др.]
|g под ред. Л. А. Данченок
|
| 205 |
|
|
|a 2-е изд.
|
| 210 |
|
|
|a Москва
|c Маркет ДС
|d 2006
|
| 215 |
|
|
|a 754 с.
|c ил.
|
| 225 |
1 |
|
|a Университетская серия
|
| 320 |
|
|
|a Библиогр. в конце частей.
|
| 330 |
|
|
|a Уникальность книги заключается в том, что в ее подготовке принимали участие специалисты, которые совмещают преподавательскую и практическую деятельность в области маркетинга и продаж. Отсюда - сочетание академической строгости учебника и его ярко выраженной практической направленности (включая некоторые инструменты для организационной диагностики). Для преподавателей, студентов и аспирантов экономических, торговых и технических вузов и колледжей, работников маркетинговых служб и консалтинговых компаний, а также предпринимателей.
|
| 606 |
|
|
|a Маркетинг
|2 stltpush
|3 (RuTPU)RU\TPU\subj\41036
|9 60857
|
| 610 |
1 |
|
|a экономика
|
| 610 |
1 |
|
|a Россия
|
| 610 |
1 |
|
|a теория
|
| 610 |
1 |
|
|a практика
|
| 610 |
1 |
|
|a стратегический маркетинг
|
| 610 |
1 |
|
|a конкурентоспособность
|
| 610 |
1 |
|
|a маркетинговые исследования
|
| 610 |
1 |
|
|a методология
|
| 610 |
1 |
|
|a стратегический анализ
|
| 610 |
1 |
|
|a операционный маркетинг
|
| 610 |
1 |
|
|a бренд-строительство
|
| 610 |
1 |
|
|a продажи
|
| 610 |
1 |
|
|a ценообразование
|
| 610 |
1 |
|
|a маркетинговые коммуникации
|
| 610 |
1 |
|
|a учебники
|
| 686 |
|
|
|a У9(2)212.4я73
|2 rubbk
|
| 701 |
|
1 |
|a Данченок
|b Л. А.
|g Лариса Александровна
|
| 701 |
|
1 |
|a Дейнекин
|b Т. В.
|g Тихон Викторович
|
| 701 |
|
1 |
|a Зотов
|b В. В.
|g Владимир Викторович
|
| 701 |
|
1 |
|a Кучугин
|b Н. Л.
|g Николай Львович
|
| 701 |
|
1 |
|a Шмелев
|b Н. А.
|g Николай Алексеевич
|
| 702 |
|
1 |
|a Данченок
|b Л. А.
|g Лариса Александровна
|4 340
|
| 801 |
|
1 |
|a RU
|b 63413507
|c 20070219
|g PSBO
|
| 801 |
|
2 |
|a RU
|b 63413507
|c 20180823
|g PSBO
|
| 900 |
|
|
|a Маркетинг
|
| 900 |
|
|
|a Маркетинг в отраслях и сферах деятельности
|
| 900 |
|
|
|a Маркетинг в отраслях и сферах деятельности
|
| 900 |
|
|
|a Маркетинг фирмы (предприятия)
|
| 900 |
|
|
|a Маркетинговые исследования
|
| 900 |
|
|
|a Маркетинговые коммуникации
|
| 900 |
|
|
|a Управление маркетинговой деятельностью предприятия
|
| 942 |
|
|
|c BK
|
| 951 |
|
|
|b 080600
|b 080503
|b 080000
|